000
00229nam a2200097Ia 4500
008
170619s9999 xx 000 0 und d
100
_a
AHO- V
245
0
_a
DATA STRUCTURES AND ALGORITHMS
260
_b
PEARSON EDU. DELHI
260
_c
2004
546
_a
ENGLISH
999
_c
22879
_d
22879